000 00664cam a2200193 4500500
005 20260329005858.0
041 _afre
042 _adc
100 1 0 _aLacroix, Alexandre
_eauthor
245 0 0 _aClément Rosset : "Nietzsche nous invite à jeter sur le tragique lui-même un regard joyeux"
260 _c2015.
500 _a15
690 _aMort
690 _aNietzsche
690 _aReligion
690 _aRessentiment
786 0 _nPhilosophie magazine - Hors séries | Hors-série Été 2015 | HS27 | 2015-07-01 | p. 4-6 | 2104-9246
856 4 1 _uhttps://shs.cairn.info/magazine-philosophie-magazine-2015-hs26-page-4?lang=fr&redirect-ssocas=7080
999 _c1847490
_d1847490